Normal view
MARC view
Entry Topical Term
001 - CONTROL NUMBER
- control field: 18522
003 - CONTROL NUMBER IDENTIFIER
- control field: BD-RjUL
005 - DATE AND TIME OF LATEST TRANSACTION
- control field: 20260519102006.0
008 - FIXED-LENGTH DATA ELEMENTS
- fixed length control field: 260519|| aca||aabn | a|a d
040 ## - CATALOGING SOURCE
- Original cataloging agency: BD-RjUL
- Transcribing agency: BD-RjUL
150 ## - HEADING--TOPICAL TERM
- Topical term or geographic name entry element: اسلامی مذہبی زندگی و روحانیت
670 ## - SOURCE DATA FOUND
- Source citation: Work cat.: (BD-RjUL)86510: عالم، اسرار.,ʻĀlam, Asrār 18520, عالم اسلام کى روحانى صورت حال / ʻĀlam-i Islām kī rūḥānī ṣūrat-i ḥāl /